Представление документа в формате RUSMARC

Поле Инд. ПП Название Значение
Тип записи a
Библиографический уровень a
001 Контрольный номер 7bffd340dd454e0081998c41378ffd6c
005 Дата корректировки 20190626135012.4
100 a Данные общей обработки 20190626 ||| 0rusy0189 ca
101 0_ a Язык текста rus
102 a Страна публикации RU
200 1_ f Первые сведения об ответственности А.Ю. Гусев
a Заглавие К вопросу о способах защиты права на социальное обеспечение
b Общее обозначение материала Текст
210 1_ d Дата издания 2019
461 _0 1 2000
a Вопросы трудового права
463 _0 1 2000
a № 5
v С. 59-65
1 2101
d 2019
1 00139ae219ecd5f412d808af31b60b23aad
606 a Основная рубрика Трудовое право
610 0_ a Ключевые слова СОЦИАЛЬНОЕ ОБЕСПЕЧЕНИЕ
a Ключевые слова ТРУДОВЫЕ СПОРЫ
a Ключевые слова СУДЕБНАЯ ЗАЩИТА
700 _1 a Фамилия Гусев
b Имя А.Ю.
801 _0 a Страна RU
b Организация РГУП
c Дата составления 20190626
g Правила каталогизации PSBO
801 _1 a Страна RU
b Организация РГУП
c Дата составления 20190626
g Правила каталогизации PSBO
901 t Тип документа b
w Контрольный № источника 39ae219ecd5f412d808af31b60b23aad
905 a Дата ввода 20190626